Zona urbana: ensayo de lectura sobre Walter Benajmin

Na minha lista:
Detalhes bibliográficos
Autor principal: Kohan, Martín (Author)
Formato: Livro
Idioma:espanhol
Publicado em: Buenos Aires Norma 2004
Edição:1a. ed
Colecção:Colección Vitral
Assuntos:
Tags: Adicionar Tag
Sem tags, seja o primeiro a adicionar uma tag!

MARC

LEADER 00000nam a2200000 a 4500
001 UCK3260
003 CL-VaPUC
008 050422e20040000AG |||||||||||||||||spa|d
020 |a 9875451479 
082 0 4 |a 830.9  |b KOH  |2 21 
100 |a Kohan, Martín  |e author  |9 525287 
245 1 0 |a Zona urbana: ensayo de lectura sobre Walter Benajmin 
250 |a 1a. ed 
300 |a 268 p 
942 |c BK 
945 |d 20050422 00:00:00  |a cmena 
260 |a Buenos Aires  |b Norma  |c 2004 
600 0 |a Benjamin, Walter  |d 1892-1940  |9 269121 
650 0 |a Literatura alemana   |9 265457 
650 0 |a Crítica e interpretación literaria  |9 266284 
650 0 |a Estilos literarios  |9 310538 
583 |a last modification  |c 20050422 00:00:00  |k Rodrigo Vera 
490 0 |a Colección Vitral 
999 |c 312518  |d 312516 
952 |0 0  |1 0  |4 0  |6 830_900000000000000_KOH_2004  |7 0  |8 A  |9 382931  |a BIBEDU  |b BIBEDU  |d 2019-11-21  |i 4114183  |o 830.9 KOH 2004  |p 4114183  |r 2019-11-21  |w 2019-11-21  |y BK  |k LIT